| 000 | 00516nam a22001817a 4500 | ||
|---|---|---|---|
| 003 | NUST - PNEC | ||
| 005 | 20170116180819.0 | ||
| 008 | 150612b xxu||||| |||| 00| 0 eng d | ||
| 020 | _a00711225264 | ||
| 040 | _cLIBRARY | ||
| 082 | _a515.5 AND | ||
| 100 |
_93922 _aAndrews, Larry C. |
||
| 245 |
_aSpecial Functions of mathematics for engineers _cLarry C. Andrews |
||
| 260 |
_aNew York: _bMcGraw-Hill, Inc. _cc1992. |
||
| 300 |
_a479 p. : _c23 cm. |
||
| 650 |
_93923 _aMathematics functions _xME |
||
| 942 |
_2ddc _cBK |
||
| 999 |
_c63647 _d63647 |
||